1324 1889 1898 1051 1163 1471 1433 1413 1418 1859 1774 1308 1777 1405 1138 1272 1284 1004 1366 1300 1277 1281 1366 1664 1189 1338 1577 1792 1550 1333 1628 1150 1767 1093 1211 1662 1164 1199 1636 1314 1386 1789 1299 1317 1777 1537 1256 1317 1844 1155 1805 1545 1760 1499 1608 1221 1466 1957 1590 1615 1925 1773 1840 1204 1501 1739 1176 1275 1026 1331 1587 1628 1563 1819 1859 1520 1585 1965 1383 1107 1528 1191 1129 1640 1239 1790 1525 1881 1002 1240 1133 1645 1053 1143 1778 1322 1097 1009 1979 BCNSPRNW ULIB Ver.6.0+V

เปลี่ยนเป็นภาษาไทย

Change to English
 แสดงรายละเอียดบรรณานุกรม
  กลับหน้าหลัก

Brief Record : Get Marc (ISO 2709) : E-mail record : QR code < ปิดหน้าต่าง
LEADER : 00000nam 2200000uu 4500
001    13399114344
003     ULIB
008    120323s2550||||th 000 0 tha d
020    ^a9789741344529
050  4 ^aPE1130^bก137อ 2550
100 0  ^aกมลวรรณ ต่างใจ
245    ^aอังกฤษติดกระเป๋า ฝึกนิดเดียว กินอยู่เที่ยวด้วยตัวเอง /^cกมลวรรณ ต่างใจ
250    ^aพิมพ์ครั้งที่ 1
260    ^aกรุงเทพฯ :^bกู๊ดส์ ไอเดีย,^c2550
300    ^a232 หน้า ;^c21 ซม.
650  4 ^aภาษาอังกฤษ^xการใช้ภาษา
650  4 ^aภาษาอังกฤษ^xการพูด
650  4 ^aภาษาอังกฤษ^xบทสนทนาและวลี
945    ^p195^l0^i15250
995    ^aกัณชพร
999 ^a ใช้งานได้ทุกระบบ
รายการนี้ยังไม่มีแท็ก
คุณยังไม่ได้ล็อกอิน คุณสามารถมีกิจกรรมร่วมกับเว็บไซต์ได้ แต่ต้องล็อกอินก่อน ::
  ล็อกอิน

รายการสื่อสารสนเทศ

ลำดับที่ ประเภท เลขเรียก/บาร์โค้ด สถานที่ สถานะ
- ไม่พบข้อมูล -

รายการใกล้เคียง
    หัวเรื่อง [ภาษาอังกฤษ การใช้ภาษา]

BibComment


ยังไม่เคยถูกคอมเมนท์

คอมเมนท์ทรัพยากรรายการนี้
  คอมเมนท์: อังกฤษติดกระเป๋า..


 Copyright 2026. Bcnsprnw @Library